Velký španělsko-český slovník

Enregistré dans:
Détails bibliographiques
Auteur principal: Dubský, Josef
Format: Livre
Langue:tchèque
espagnol
Publié: Praha Academia 1993
Édition:2. oprav. a rozšíř. vyd.
Sujets:
Tags: Ajouter un tag
Pas de tags, Soyez le premier à ajouter un tag!

MARC

LEADER 00000nam a2200000 4500
001 c004711
005 20221214083126.8
020 |a 80-200-0484-X 
041 0 |a cze 
041 0 |a spa 
044 |a CZ 
245 1 0 |a Velký španělsko-český slovník  |c Josef Dubský a kol. 
250 |a 2. oprav. a rozšíř. vyd. 
264 1 |a Praha  |b Academia  |c 1993 
300 |a 958 s. 
610 2 0 |a španielčina 
610 2 0 |a čeština 
610 2 0 |a jazykoveda 
100 1 |a Dubský, Josef